000
00255nam a2200097Ia 4500
001
929372
005
20250826191653.0
008
250824s9999 xx 000 0 und d
245
0
_a
TARİHİN ARKA SOKAKLARI/D2
_c
YAVUZ BAHADIROĞLU
260
_b
PANAMA YAYINLARI
999
_c
929372
_d
929372